Software Project management (Include CD) / (Record no. 179780)

000 -LEADER
fixed length control field 01188 a2200241 4500
003 - CONTROL NUMBER IDENTIFIER
control field Nust
005 - DATE AND TIME OF LATEST TRANSACTION
control field 20220810124027.0
010 ## - LIBRARY OF CONGRESS CONTROL NUMBER
LC control number 98031880
020 ## - INTERNATIONAL STANDARD BOOK NUMBER
International Standard Book Number 0877095310
040 ## - CATALOGING SOURCE
Transcribing agency Nust
082 00 - DEWEY DECIMAL CLASSIFICATION NUMBER
Classification number 005.1068,HUG
100 1# - MAIN ENTRY--PERSONAL NAME
Personal name Hughes,Bob
9 (RLIN) 55523
245 10 - TITLE STATEMENT
Title Software Project management (Include CD) /
Statement of responsibility, etc. Bob Hughes, and Mike Cotterell
246 1# - VARYING FORM OF TITLE
Title proper/short title module
250 ## - EDITION STATEMENT
Edition statement 3 rd ed
260 ## - PUBLICATION, DISTRIBUTION, ETC.
Place of publication, distribution, etc. New Delhi
Name of publisher, distributor, etc. Mcgraw Hill
Date of publication, distribution, etc. 2002: c
300 ## - PHYSICAL DESCRIPTION
Extent vi, 358 p. :
Other physical details ill. ;
Dimensions 28 cm. +
Accompanying material 2 (3 1/2 in.) computer disks
505 ## - FORMATTED CONTENTS NOTE
Formatted contents note Introduction to Software project Management (Page-1), Step Wise: an overview of Project Planning (Page-18), Project Evaluation (Page-38), Selection of Appropriate Project Approach (Page-56), Software effort estimation (Page-79), Activity Planning (Page-103), Risk management (Page-134), Resource allocation (Page-154), Monitoring and Control (Page-171, Managing contracts (Page-192), Managing people and organizing teams (Page-209), Software Quality (Page-229), Small Projects (Page-251).
650 #0 - SUBJECT ADDED ENTRY--TOPICAL TERM
Topical term or geographic name entry element Project management
General subdivision Software.
9 (RLIN) 44702
651 ## - SUBJECT ADDED ENTRY--GEOGRAPHIC NAME
Geographic name (Include CD)
9 (RLIN) 8953
700 1# - ADDED ENTRY--PERSONAL NAME
Personal name Genc, Onur.
9 (RLIN) 96730
942 ## - ADDED ENTRY ELEMENTS (KOHA)
Koha item type Book
Source of classification or shelving scheme
Call number prefix 005.1068,HUG
Holdings
Withdrawn status Lost status Source of classification or shelving scheme Damaged status Not for loan Collection code Permanent Location Current Location Date acquired Total Checkouts Full call number Barcode Date last seen Price effective from Koha item type Shelving location Date last checked out Public note
            Military College of Signals (MCS) Military College of Signals (MCS) 12/12/2016   005.1068 HUG MCS31447 12/08/2016 12/12/2016 Book      
            Military College of Signals (MCS) Military College of Signals (MCS) 12/12/2016 3 005.1068,HUG MCS31448 10/22/2025 12/12/2016 Book General Stacks 10/08/2025 Almirah No.4, Shelf No.1
© 2023 Central Library, National University of Sciences and Technology. All Rights Reserved.